000
00214nam a22000857a 4500
008
160630b xxu||||| |||| 00| 0 eng d
100
_9
1625
_a
Gupta, P
245
_a
Aladdin and the Magic Lamp
260
_a
N.D
_b
M/S Arya
999
_c
1349
_d
1349